Essais des revêtements métalliques

সংরক্ষণ করুন:
গ্রন্থ-পঞ্জীর বিবরন
প্রধান লেখক: Kutzelnigg, A (Author)
বিন্যাস: গ্রন্থ
ভাষা:ফরাসি
প্রকাশিত: París Dunod 1964
বিষয়গুলি:
ট্যাগগুলো: ট্যাগ যুক্ত করুন
কোনো ট্যাগ নেই, প্রথমজন হিসাবে ট্যাগ করুন!

MARC

LEADER 00000nam a2200000 a 4500
001 UCP2580
003 CL-VaPUC
008 990520e19640000FR |||||||||||||||||fre|d
082 0 4 |a 671.73  |b KUT  |2 21 
100 0 |a Kutzelnigg, A  |e author  |9 429420 
245 1 0 |a Essais des revêtements métalliques 
300 |a 223 p 
942 |c BK 
945 |d 19990520 00:00:00  |a cmena 
260 |a París  |b Dunod  |c 1964 
650 7 |a REVESTIMIENTOS  |2 CL-VaPUC  |9 339657 
650 0 |a Metales   |9 260686 
650 7 |a TECNOLOGIA METALURGICA  |2 CL-VaPUC  |9 342977 
650 7 |a RECUBRIMIENTOS METALICOS  |2 CL-VaPUC  |9 429421 
583 |a last modification  |c 19990520 00:00:00  |k Rodrigo Vera 
999 |c 281094  |d 281092